| 000 | 00974nam a2200301Ia 4500 | ||
|---|---|---|---|
| 001 | A2039 | ||
| 003 | IT-RoPAU | ||
| 008 | 130308s9999 xx 000 0 und d | ||
| 040 | _aIT-RoPAU | ||
| 040 | _cIT-RoPAU | ||
| 041 | _aFRANCESE | ||
| 100 | _aRichstad Jim | ||
| 100 | _gCodice Aut. SPICS: 34855 | ||
| 245 | _aCirculation de l'information dans le monde (La) | ||
| 245 | _bJournalisme et Tiers Monde-Guide Pratique | ||
| 250 | _a1a ed. | ||
| 260 | _aBRUXELLES | ||
| 260 | _bDe Boeck/Wesmael | ||
| 260 | _c1989 [1° Ed.:1989 - Ed.Ling.Originale:1989] | ||
| 300 | _a"10 p. (prefazione: no ; testo: 10 [pagine: 51-60])" | ||
| 500 | _aCircolazione dell'informazione nel Mondo. manipolazione Deliberata?. Ordine Generale dell'Informazione. Risultati dell'Inchiesta. Problemi della circolazione delle Informazioni. | ||
| 650 | _aSAGGI DI GIORNALISMO | ||
| 650 | _eCodice materia Spics: 7061 | ||
| 942 | _cBK | ||
| 957 | _71 | ||
| 999 |
_c60869 _d60869 |
||
| 999 | _bSI | ||
| 999 | _g1 | ||